Normal view
MARC view
- Gobineau, Arthur,
Entry Personal Name
001 - CONTROL NUMBER
- control field: 254268
003 - CONTROL NUMBER IDENTIFIER
- control field: KE-NaSUL
005 - DATE AND TIME OF LATEST TRANSACTION
- control field: 20250827011052.0
008 - FIXED-LENGTH DATA ELEMENTS
- fixed length control field: 250827|| aca||aabn | a|a d
040 ## - CATALOGING SOURCE
- Original cataloging agency: KE-NaSUL
- Transcribing agency: KE-NaSUL
100 ## - HEADING--PERSONAL NAME
- Personal name: Gobineau, Arthur,
- Titles and other words associated with a name: comte de,
- Dates associated with a name: 1816-1882
- General subdivision: Political and social views
670 ## - SOURCE DATA FOUND
- Source citation: Work cat.: (KE-NaSUL)249295: Hotze, Henry, 1833-1887. 254267, Henry Hotze, Confederate propagandist, c2008.